000 00651nam a2200253Ia 4500
003 OSt
005 20220925210127.0
006 a|||||r|||| 00| 0
007 ta
008 220923b |||||||| |||| 00| 0 eng d
037 _cGeneral Book
040 _aRTL
_cRTL
_beng
041 _2eng
_aeng
082 _aX:8F, L0.1
100 _aEdwards James Don
_9254706
245 0 _aAccounting
_b A programmed text
250 _a2ed
260 _aIllinois
_bIrwin
_c1970
300 _axxv, 720p.
_ccm.
490 _vV1
650 _aBudgeting
942 _hX:8F, L0.1
_cGB
_2CC
999 _c554133
_d554133